01671nam a22003734a 4500001001200000003000800012006001900020007001500039008004100054010001700095016002000112020003100132020002800163040002100191035002100212043001200233050003000245082002600275110001600301245011400317260004200431300004100473504006400514505017300578533015200751610001600903650006200919650006800981650005901049655002901108710001701137856012601154999001701280ebr10231579CaPaEBRm u cr cn|||||||||071213s2008 dcuab sb i001 0 eng  z 20070513907 z1013926252DNLM z9780821374481 (alk. paper) z0821374486 (alk. paper) aCaPaEBRcCaPaEBR a(OCoLC)519889057 afb-----14aRA643.86.A357bW67 2008eb04a362.196/9792009672222 aWorld Bank.14aThe World Bank's commitment to HIV/AIDS in Africah[electronic resource] :bour agenda for action, 2007-2011. aWashington, DC :bWorld Bank,cc2008. axvii, 125 p. :bcol. ill., col. map. aIncludes bibliographical references (p. 115-118) and index.0 aThe diagnosis -- The Bank's response to date -- Strategic challenges in the new environment -- The agenda for action 2007-2011 -- Operational implications for the Bank. aElectronic reproduction.bPalo Alto, Calif. :cebrary,d2013.nAvailable via World Wide Web.nAccess may be limited to ebrary affiliated libraries.20aWorld Bank. 0aAIDS (Disease)zAfrica, Sub-SaharanxPreventionxFinance. 0aAIDS (Disease)zAfrica, Sub-SaharanxInternational cooperation. 0aAIDS (Disease)xEconomic aspectszAfrica, Sub-Saharan. 7aElectronic books.2local2 aebrary, Inc.40uhttp://site.ebrary.com/lib/rucke/Doc?id=10231579zAn electronic book accessible through the World Wide Web; click to view c25592d25592